000 00554nam a2200229Ia 4500
003 OSt
005 20221005130537.0
006 a|||||r|||| 00| 0
007 ta
008 221004b |||||||| |||| 00| 0 eng d
024 _a43400
037 _cTextual
040 _aCRL
_cCRL
_beng
041 _2eng
_aeng
082 _aO:1M12x, B
100 _aNewbolt Henry Ed.
245 0 _aRobert Browning
260 _c1880
650 _aENGLISH LITERATURE
942 _hO:1M12x, B
_cTEXL
_2cc
999 _c1057607
_d1057607